000 00577nam a2200205 i 4500
001 102193
003 ES-MaACL
005 20260525062930.0
007 t|
008 051107s1957 sp ||||1| spa d
100 1 _aMenéndez Pidal, Ramón,
_d1869-1968
_980315
245 1 0 _aEstudios literarios /
_cRamón Menéndez Pidal.
250 _a8ª ed.
260 _aMadrid :
_bEspasa-Calpe,
_c1957.
300 _a269 p. ;
_c18 cm.
490 1 _aColección austral ;
_v28
830 0 _aColección austral
_v28
_9177655
852 _aES-MaACL
_jC-12606
_bR.40627
999 _c102193
_d102193